صانع السلام / (رقم التسجيلة. 4449)
[ عرض عادي ]
| 000 -LEADER | |
|---|---|
| fixed length control field | 00614nam a22002057a 4500 |
| 005 - DATE AND TIME OF LATEST TRANSACTION | |
| control field | 20251108164130.0 |
| 008 - FIXED-LENGTH DATA ELEMENTS--GENERAL INFORMATION | |
| fixed length control field | 250721s1996 xx 000 0 ara d |
| 082 14 - DEWEY DECIMAL CLASSIFICATION NUMBER | |
| Classification number | 341.256505694/دار |
| 245 10 - TITLE STATEMENT | |
| Title | صانع السلام / |
| 250 ## - EDITION STATEMENT | |
| Edition statement | ط4. |
| 264 1# - PRODUCTION, PUBLICATION, DISTRIBUTION, MANUFACTURE, AND COPYRIGHT NOTICE | |
| Place of production, publication, distribution, manufacture | عمان : |
| Name of producer, publisher, distributor, manufacturer | دار الناس، |
| Date of production, publication, distribution, manufacture, or copyright notice | 1996. |
| 300 ## - PHYSICAL DESCRIPTION | |
| Extent | 560ص. |
| 650 17 - SUBJECT ADDED ENTRY--TOPICAL TERM | |
| Topical term or geographic name as entry element | تاريخ الأردن |
| 650 17 - SUBJECT ADDED ENTRY--TOPICAL TERM | |
| Topical term or geographic name as entry element | عهد الملك حسين 1952-1999 |
| 650 17 - SUBJECT ADDED ENTRY--TOPICAL TERM | |
| Topical term or geographic name as entry element | إتفاقيات السلام |
| 650 17 - SUBJECT ADDED ENTRY--TOPICAL TERM | |
| Topical term or geographic name as entry element | إسرائيل |
| 710 2# - ADDED ENTRY--CORPORATE NAME | |
| Corporate name or jurisdiction name as entry element | دار الناس للصحافه و النشر (عمان) |
| Relator term | تاليف |
| 942 ## - ADDED ENTRY ELEMENTS (KOHA) | |
| Source of classification or shelving scheme | Dewey Decimal Classification |
| Koha item type | كتب |
| حالة السحب | حالة الفقدان | مصدر التصنيف | حالة التلف | غير قابل للإعارة | المكتبة الرئيسية | المكتبة الحالية | موقع الرف | تاريخ التزويد | الرقم المتسلسل | Total Checkouts | رقم الإستدعاء | تاريخ آخر ظهور | تاريخ الفاتورة | نوع المادة (كوها) | الباركود |
|---|---|---|---|---|---|---|---|---|---|---|---|---|---|---|---|
| Dewey Decimal Classification | المكتبة المركزية | المكتبة المركزية | مقتنيات قسم التزويد | 28/07/2025 | 1394500 | 341.256505694/دار | 28/07/2025 | 28/07/2025 | كتب | ||||||
| Dewey Decimal Classification | المكتبة المركزية | المكتبة المركزية | مقتنيات قسم التزويد | 28/07/2025 | 467878 | 341.256505694/دار | 28/07/2025 | 28/07/2025 | كتب | ||||||
| Dewey Decimal Classification | Unchecked | مكتبة الأميرة ايمان العامة | مكتبة الأميرة ايمان العامة | الإعارة | 06/07/2004 | 6530 | 341.256505694/دار | 28/07/2025 | 06/07/2004 | كتب | |||||
| Dewey Decimal Classification | مكتبة النصر العامة | مكتبة النصر العامة | الإعارة | 27/01/2015 | (7107 | 341.256505694/دار | 28/07/2025 | 27/01/2015 | كتب | PLD00314650 | |||||
| Dewey Decimal Classification | Not For Loan | مكتبة تاريخ الأردن | مكتبة تاريخ الأردن | لا يعار | 11/11/2009 | 1329797 | 341.256505694/دار | 28/07/2025 | 11/11/2009 | كتب | PLD00118489 | ||||
| Dewey Decimal Classification | Not For Loan | مكتبة تاريخ الأردن | مكتبة تاريخ الأردن | لا يعار | 06/12/2010 | 1453192 | 341.256505694/دار | 28/07/2025 | 06/12/2010 | كتب | PLD00171824 | ||||
| Dewey Decimal Classification | مكتبة صويلح العامة | مكتبة صويلح العامة | الإعارة | 16/04/2019 | {10177} | 341.256505694/دار | 28/07/2025 | 16/04/2019 | كتب | PLD00449701 | |||||
| Dewey Decimal Classification | مكتبة صويلح العامة | مكتبة صويلح العامة | الإعارة | 22/04/2019 | {11876} | 341.256505694/دار | 28/07/2025 | 22/04/2019 | كتب | PLD00451192 | |||||
| Dewey Decimal Classification | مكتبة وادي السير العامة | مكتبة وادي السير العامة | الإعارة | 11/02/2016 | [5562]. | 341.256505694/دار | 28/07/2025 | 11/02/2016 | كتب | PLD00373211 |